| 000 | 00702cam a2200229 4500 | ||
|---|---|---|---|
| 001 | 44749 | ||
| 090 | _a44749 | ||
| 100 | _a20080304d1981 m y0pory5003 ba | ||
| 101 | 1 | _apor | |
| 102 | _aPT | ||
| 200 | 1 |
_aA Grécia antiga _fAnton Powell, Patricia Vanags _gil. Ivan Lapper _gtrad. Maria Irene Bigotte de Carvalho |
|
| 210 |
_aLisboa _cVerbo _dcop. 1981 |
||
| 215 |
_a30 p. _cmuito il. _d27 cm |
||
| 225 | 2 |
_aVer e saber _v14 |
|
| 300 | _aTít. orig.: A closer look at ancient greeks. | ||
| 675 |
_a087.5:94(100) _vmed _zfre |
||
| 700 | 1 |
_aPowell _bAnton |
|
| 701 | 1 |
_aVanags _bPatricia _4070 |
|
| 702 | 1 |
_aLapper _bIvan _4440 |
|
| 702 | 1 |
_aCarvalho _bMaria Irene Bigotte de _4730 |
|
| 801 | 0 |
_aPT _bESEL _gRPC |
|
| 990 | _cLIVROS | ||